000 00861nam a2200265 u 4500
003 DO-SdBNP
005 20211022140814.0
007 ta
008 090708s2017 pr 000 0 spa d
020 _a9789945455144
040 _aDO-SdBNP
_bspa
_cBNPHU
082 4 _a328.1
_bR789r 2017
_244
100 1 _aRosario Soto, Milton
_910429
245 1 0 _aReglas de procedimiento parlamentario /
_cMilton Rosario Soto.
250 _a 5a. ed. revisada
260 _aSan Juan, Puerto Rico :
_bIsla Negra,
_c2017.
300 _a229 p. ;
_c23 cm.
500 _aIncluye datos biográficos del autor en la solapa de la cubierta
500 _aIncluye índice temático
504 _aBibliografía : p. 229
590 _aInventariado, 2021/LP
650 1 4 _aPracticas parlamentarias
_915805
910 _aLopérez. Validado. Control de calidad. MFF
942 _2ddc
_cLBS1
999 _c50520
_d50520